| 000 | 00815nam0a22002531 4500 | ||
|---|---|---|---|
| 001 | rc\163912 | ||
| 005 | 20250620214046.0 | ||
| 010 |
_a5-218-00403-0 _910000 |
||
| 035 | _a(NLR Aleph) 005428538 | ||
| 090 |
_a7552373 _c7552373 |
||
| 100 | _a20030307d1997 |||y0rusy50 ca | ||
| 101 | 0 | _arus | |
| 102 | _aRU | ||
| 105 | _ay ||||||||| | ||
| 200 | 1 |
_aСвинцовый шторм _eРоман _fБернард Корнуолл _g[Пер. с англ. О.Н. Пелевиной] |
|
| 210 |
_aМ. _cТоргово-изд. об-ние "Центрполиграф" _d1997 |
||
| 215 |
_a487, [1] с. _d21 |
||
| 225 | 1 | _aАкцент на убийство | |
| 700 | 1 |
_aКорнуолл _bБ. _gБернард |
|
| 801 | 0 |
_aRU _bNLR _gpsbo |
|
| 801 | 1 |
_aRU _bELAR _2rusmarc |
|
| 852 |
_aNLR _j97-3/8739 |
||
| 942 | _cBOOK | ||
| 980 | _aNB | ||